Текст томруулах:    
Employment law for business (Бичлэгийн дугаар. 145254)
000 -УДИРДЛАГА
Удирдлага 00765nam a22002657a 4500
003 - ХЯНАЛТЫН ТОО ТОДОРХОЙЛОГЧ
Код MN-UlNUM
005 - БИЧИЛТ ХИЙСЭН ОГНОО
Тухайн бичилтийг бичсэн засварласан сүүлийн огноо 20251104103217.0
008 - ЕРӨНХИЙ МЭДЭЭЛЭЛ
Ерөнхий мэдээлэл 251104s2004 maukb||| |||| 001 0 eng d
020 ## - ISBN
ISBN 0072558210
040 ## - БИЧЛЭГ ҮҮСГЭГЧ БАЙГУУЛЛАГА
Бичлэг үүсгэгч номын сангийн код МУИС-ийн номын сан
084 ## - ББК АНГИЛАЛ
Нэмэлт тусгалт Нэг сэдэвт бүтээл
ББК ангилал 65.242
Зохиогчийн гурван тэмдэгт B 43
Мэдлэгийн ялгаа 65 - Эдийн засаг
100 1# - ЗОХИОГЧ
Зохиогчийн нэр Bennett-Alexander, Dawn.
245 10 - ҮНДСЭН ГАРЧИГ
Номын нэр Employment law for business
Оролцогчдын тухай мэдээ Dawn D. Bennett-Alexander, Laura P. Hartman.
250 ## - ДАХИН ХЭВЛЭЛТ
Дахин гаралтын дугаар 4th ed
260 ## - ГАРАЛТЫН МЭДЭЭ
Хэвлэгдсэн газар Boston :
Хэвлэлийн газар McGraw-Hill/Irwin,
Хэвлэгдсэн он 2004
300 ## - МАТЕРИАЛЫН ТОДОРХОЙЛОЛТ
хуудасны тоо xxiv, 792 p. :
Бусад тоон мэдээлэл forms ;
Хэмжээ 24 cm
500 ## - Тайлбар
Дансны дугаар БС 1893-1894
546 ## - ХЭЛНИЙ ТУХАЙ МЭДЭЭ
Хэл Англи хэл дээр,
653 ## - Түлхүүр үг
Түлхүүр үг Labor laws and legislation
653 ## - Түлхүүр үг
Түлхүүр үг Discrimination in employment
653 ## - Түлхүүр үг
Түлхүүр үг Law and legislation
700 1# - ХАМ ЗОХИОГЧИД
Ба бус Hartman, Laura Pincus.
942 ## - ЭЛЕМЕНТИЙН ТӨРӨЛ
Зүйлийн төрөл Ном